[Event "Eastern Asia-ch U14"]
[Site "Tornelo INT"]
[Date "2021.10.30"]
[Round "6"]
[White "Burbach, Brunel Baron"]
[Black "Lim, Kai Jun"]
[Result "1-0"]
[WhiteElo "1673"]
[BlackElo "1191"]
[PlyCount "83"]
[EventDate "2021.10.29"]
[EventType "swiss"]
[EventRounds "9"]
[EventCountry "NET"]
[SourceTitle "EXT 2023"]
[Source "ChessBase"]
[SourceDate "2022.10.05"]
[SourceVersion "1"]
[SourceVersionDate "2022.10.05"]
[SourceQuality "1"]

1. e4 e5 2. Nf3 Nc6 3. Bc4 Nf6 4. Ng5 d5 5. exd5 Na5 6. Bb5+ c6 7. dxc6 bxc6 8. Bd3 h6 9. Ne4 Nd5 10. 0-0 Nf4 11. Be2 Be7 12. d3 Nxe2+ 13. Qxe2 0-0 14. Re1 f5 15. Nec3 Bf6 16. Be3 Nb7 17. f4 exf4 18. Bf2 Bd7 19. Nd2 Qc7 20. Qf3 Rae8 21. Nc4 Be6 22. Rad1 Bxc3 23. bxc3 Bd5 24. Qh5 Rxe1+ 25. Rxe1 Bf7 26. Qf3 Bd5 27. Qh5 Bf7 28. Qf3 Bd5 29. Qe2 f3 30. gxf3 f4 31. Qe5 Qf7 32. Nd2 Qg6+ 33. Kf1 Nd8 34. Bc5 Ne6 35. Bxf8 Kxf8 36. c4 Ng5 37. Qxf4+ Nf7 38. Qb8+ Nd8 39. Qxd8+ Kf7 40. Qe8+ Kf6 41. Qe7+ Kf5 42. Qe5# 1-0

[Event "London Classic op 11th"]
[Site "London"]
[Date "2019.11.29"]
[Round "1"]
[White "Lim, Kai Jun"]
[Black "Semprun Martinez, Fernando M"]
[Result "0-1"]
[WhiteElo "1356"]
[BlackElo "2071"]
[PlyCount "106"]
[EventDate "2019.11.29"]
[EventType "swiss"]
[EventRounds "9"]
[EventCountry "ENG"]
[SourceTitle "CBM 193 Extra"]
[Source "ChessBase"]
[SourceDate "2020.01.31"]
[SourceVersion "1"]
[SourceVersionDate "2020.01.31"]
[SourceQuality "1"]

1. e4 c5 2. Nf3 Nc6 3. d4 cxd4 4. Nxd4 g6 5. Nb3 Bg7 6. Nc3 Nf6 7. Be2 0-0 8. 0-0 a5 9. a4 d6 10. Re1 Be6 11. Bf1 d5 12. e5 Ng4 13. h3 Ngxe5 14. Nb5 Bf5 15. c3 Nc4 16. N3d4 Bd7 17. b3 Nb6 18. Ba3 Re8 19. Qd2 e5 20. Nxc6 Bxc6 21. Rad1 Qd7 22. Qc2 Nc8 23. c4 d4 24. Bb2 Nd6 25. Ba3 Nf5 26. Bd3 Nh4 27. Be4 f5 28. Bd5+ Bxd5 29. cxd5 Rac8 30. Qe2 Qxd5 31. f3 Qxb3 32. Nd6 Qxa3 33. Nxe8 Rxe8 34. Rxd4 Qc5 35. Qf2 e4 36. Rdd1 Qxf2+ 37. Kxf2 Bh6 38. Kg3 g5 39. f4 Nxg2 40. Kxg2 gxf4 41. Rd7 Rc8 42. Rb1 f3+ 43. Kg3 f4+ 44. Kg4 f2 45. Rdxb7 f3 46. Kg3 Rf8 47. Kxf2 e3+ 48. Kf1 Bg5 49. h4 e2+ 50. Kf2 Bxh4+ 51. Kg1 f2+ 52. Kh2 e1Q 53. Rxe1 fxe1Q 0-1

[Event "Hong Kong Jolimark op"]
[Site "Hong Kong"]
[Date "2017.12.24"]
[Round "4"]
[White "Wei, Feng Xing"]
[Black "Lim, Kai Jun"]
[Result "1/2-1/2"]
[WhiteElo "1696"]
[BlackElo "1289"]
[PlyCount "63"]
[EventDate "2017.12.23"]
[EventType "swiss"]
[EventRounds "9"]
[EventCountry "HKG"]
[SourceTitle "CBM 182 Extra"]
[Source "ChessBase"]
[SourceDate "2018.02.23"]
[SourceVersion "1"]
[SourceVersionDate "2018.02.23"]
[SourceQuality "1"]

1. d4 d5 2. c4 e6 3. Nf3 f5 4. Bf4 c6 5. e3 Nf6 6. a3 Be7 7. Nc3 0-0 8. Bd3 Ne4 9. 0-0 Nd7 10. Ne5 Nxe5 11. Bxe5 Bf6 12. f4 b6 13. Rc1 Bb7 14. Nxe4 fxe4 15. Be2 Rc8 16. Bg4 Qe7 17. c5 Bxe5 18. fxe5 Ba6 19. Be2 Bxe2 20. Qxe2 Rxf1+ 21. Qxf1 Rf8 22. Qe2 Qd7 23. b4 b5 24. a4 a6 25. a5 Qe7 26. Rf1 Qg5 27. Rxf8+ Kxf8 28. Qf2+ Ke7 29. Qe2 Qf5 30. h3 h5 31. Qf2 Qg5 32. g3 1/2-1/2

[Event "Hong Kong Jolimark op"]
[Site "Hong Kong"]
[Date "2017.12.23"]
[Round "1"]
[White "Lim, Kai Jun"]
[Black "Villanueva, Nelson"]
[Result "0-1"]
[WhiteElo "1289"]
[BlackElo "2082"]
[PlyCount "98"]
[EventDate "2017.12.23"]
[EventType "swiss"]
[EventRounds "9"]
[EventCountry "HKG"]
[SourceTitle "CBM 182 Extra"]
[Source "ChessBase"]
[SourceDate "2018.02.23"]
[SourceVersion "1"]
[SourceVersionDate "2018.02.23"]
[SourceQuality "1"]

1. e4 g6 2. d4 Bg7 3. Nf3 d6 4. Nc3 Nf6 5. Be3 0-0 6. Bc4 c6 7. h3 b5 8. Bd3 Bb7 9. 0-0 b4 10. Ne2 Nbd7 11. Ng3 Qc7 12. Qd2 a5 13. c3 bxc3 14. bxc3 c5 15. Rab1 Rfb8 16. Rfc1 a4 17. Bc2 Nb6 18. dxc5 Nc4 19. Qd4 Na3 20. Rb6 Nd7 21. Qb4 Nxc2 22. Rxc2 dxc5 23. Qb1 Nxb6 24. c4 Nd7 25. Qd1 Ne5 26. Bf4 Nxf3+ 27. Qxf3 e5 28. Be3 f5 29. Bg5 f4 30. Ne2 h6 31. Bxf4 exf4 32. Nxf4 Rf8 33. g3 Rxf4 34. gxf4 Rf8 35. Qg2 Qxf4 36. Re2 Qc1+ 37. Qf1 Qxf1+ 38. Kxf1 Rf4 39. e5 Rxc4 40. e6 Rc1+ 41. Re1 Ba6+ 42. Kg2 Rxe1 43. e7 Rxe7 44. f3 Re2+ 45. Kg3 g5 46. Kg4 Bc8+ 47. Kh5 Kh7 48. h4 Rh2 49. f4 Rxh4# 0-1